• 首页
  • 本馆介绍
  • 公告通知
  • 最新文献
  • 馆藏检索
  • 电子资源
  • 读者导购
  • 参考咨询
  • 我的图书馆
  • 登录
  • 详细信息显示
  • 放入我的书架
  • 预约/预借图书
  • 作者相关作品
  • 分类相关作品
  • 丛书相关作品
  • 出版社相关作品

书目信息

  • 表格格式
  • 工作单格式
  • 卡片格式
题名:
湖南之旅
    
 
作者: 洪专 , 凯旋 编著
分册:  
出版信息: 广州   广东旅游出版社  1999
页数: 138页
开本: 20cm
丛书名: (中国之旅热线丛书)
单 册:
中图分类: K928.706.4
科图分类:
主题词: 地理--中国
电子资源:
ISBN: 7-80653-072-X
000 00642nam0 2200217 450
001 0736196517
005 20070924100316.51
010    @a7-80653-072-X@d¥25.50
100    @a20070924d km y0chiy0120 ea
101 0  @achi
200 1  @a湖南之旅@Ahu nan zhi lu@f凯旋,洪专 编著@Fkai xuan,hong zhuan bian zhu
210    @a广州@c广东旅游出版社@d1999
215    @a138页@c彩照@d20cm
225 2  @a(中国之旅热线丛书)
410  0 @12001 @a(中国之旅热线丛书)
606 0  @a地理@x中国
690    @aK928.706.4@v3
701  0 @a洪专@Ahong zhuan@4编著
701  0 @a凯旋@Akai xuan@4编著
801  0 @aCN@bPFT@c20070924
905    @a213230@dK928.706.4@eZY16@f1
    
    湖南之旅/凯旋,洪专 编著.-广州:广东旅游出版社,1999
    138页:彩照;20cm.-((中国之旅热线丛书))
    
    
    ISBN 7-80653-072-X:¥25.50
    
●
相关链接 在E读中查询图书 在五车中查询图书 在当当中查询图书 在豆瓣中查询图书


正题名:湖南之旅     索取号:K928.706.4/ZY16         预约/预借

序号 登录号 条形码 馆藏地/架位号 状态 备注
1 7900075   279000750   密集书库-资源管理系/ [索取号:K928.706.4/ZY16] 在馆    
唐山师范学院图书馆 欢迎您!
大连网信软件有限公司© 版权所有